000 01485nam a22003017a 4500
999 _c2130
_d2130
003 AR-CdUCM
008 190304b ||||| |||| 00| 0 spa d
020 _a9972-691-61-6
040 _aMUNICIPALIDAD PROVINCIAL DEL CUSCO
_cBIBLIOTECA MUNICIPAL DEL CUSCO
041 _heng
082 _a984.1 /
_bB28
100 _aBauer, Brian
_97686
245 _aLas islas del Sol y de la Luna :
_britual y peregrinaje en los antiguos Andes /
260 _aCuzco :
_bCentro de Estudios Regionales Andinos Bartolomé de Las Casas,
_c2003.
300 _a313 páginas ;
_bfotos, mapas, ilustraciones, planos,
_c24 cm.
440 _aAntropología
_n3
_97687
500 _aPublicado originalmente en ingles con el título: Ritual and pilgrimage in the ancient Andes: the islands of the sun and the moon.
505 _aContenido: El culto incaico a los santuarios en los Andes -- La cuenca del Lago Titicaca y su prehistoria -- La isla de la Luna -- La isla del Sol bajo los incas -- Los estudios en Pilco kayma y Kasapata -- Peregrinaje a las islas del Sol y la Luna: una perspectiva arqueológica e histórica ...
650 _aSitios Arqueológicos
_97688
650 _aBolivia
_91138
650 _aPeriodo prehispánicos
_97689
650 _aReligiosidad
_93962
700 _aStanish, Charles
_97690
700 _aFlores Espinoza, Javier (Traductor)
_93042
700 _aCentro de Estudios Regionales Andinos Bartolomé de Las Casas (Cusco)
_97691
942 _2ddc
_cLIBROS
945 _araen